[Event "33. ABC-Turnier 2013 - Gruppe A"]
[Site "Dortmund"]
[Date "2013.09.13"]
[Round "1.1"]
[White "Zeldin, Leonid"]
[Black "Grube, Jörg"]
[Result "1/2-1/2"]
[WhiteElo "2022"]
[BlackElo "1789"]
[PlyCount "57"]
[EventDate "2013.??.??"]
[Source "Pit Schulenburg"]
[SourceDate "2013.09.05"]

1. e4 e5 2. Nf3 Nc6 3. Bb5 a6 4. Ba4 Nf6 5. O-O Nxe4 6. Re1 Nd6 7. Nxe5 Be7 8.
Qe2 Nd4 9. Qg4 Ne6 10. d4 O-O 11. c3 f5 12. Qe2 Ne4 13. f3 Nf6 14. Nxd7 Bxd7
15. Bxd7 Qxd7 16. Qxe6+ Qxe6 17. Rxe6 Bd6 18. g3 Rae8 19. Rxe8 Rxe8 20. Kf2 c5
21. Nd2 cxd4 22. cxd4 Rc8 23. Ke2 Nd5 24. a3 Re8+ 25. Kf2 Ne3 26. Rb1 Nd1+ 27.
Kf1 Ne3+ 28. Kf2 Nd1+ 29. Kf1 {Diagramm # (=)} 1/2-1/2

[Event "33. ABC-Turnier 2013 - Gruppe A"]
[Site "Dortmund"]
[Date "2013.09.05"]
[Round "1.1"]
[White "Begna, Bozidar"]
[Black "Wienkamp, Frank"]
[Result "1-0"]
[WhiteElo "1946"]
[BlackElo "1779"]
[PlyCount "59"]
[EventDate "2013.??.??"]
[Source "Pit Schulenburg"]
[SourceDate "2013.09.05"]

1. Nf3 d5 2. c4 c6 3. Qc2 Nf6 4. e3 g6 5. b3 Bf5 6. d3 Nbd7 7. Bb2 Rc8 8. Nbd2
b5 9. Rc1 dxc4 10. bxc4 b4 11. h3 h6 12. Nd4 c5 13. Nxf5 gxf5 14. d4 e6 15. d5
Bd6 16. Nf3 Rg8 17. Rd1 Qc7 18. Nd2 Kf8 19. g3 Ne5 20. f4 Ned7 21. Rg1 Re8 22.
Kf2 Ke7 23. Qd3 Rg6 24. dxe6 fxe6 25. Be2 Reg8 26. Bf3 Qb8 27. Nb3 Rd8 28. Na5
Rc8 29. Nc6+ Rxc6 30. Bxc6 {Diagramm #} 1-0

[Event "33. ABC-Turnier 2013 - Gruppe A"]
[Site "Dortmund"]
[Date "2013.09.05"]
[Round "1.1"]
[White "Hartung, Thomas"]
[Black "Schütz, Ralf"]
[Result "0-1"]
[WhiteElo "1833"]
[BlackElo "1840"]
[PlyCount "60"]
[EventDate "2013.??.??"]
[Source "Pit Schulenburg"]
[SourceDate "2013.09.05"]

1. e4 c5 2. Nf3 Nc6 3. d4 cxd4 4. Nxd4 e6 5. Nc3 Qb6 6. Nb3 Nf6 7. Be3 Qc7 8.
a3 b6 9. Be2 Bb7 10. O-O d6 11. f4 Rd8 12. Bf3 e5 13. Qe2 exf4 14. Bxf4 Ne5 15.
Rad1 Be7 16. Rd2 O-O 17. Nb5 Qb8 18. N5d4 Rfe8 19. Nf5 Nxf3+ 20. gxf3 Nh5 21.
Qg2 g6 22. Nxe7+ Rxe7 23. Bg5 f6 24. Be3 d5 25. Rfd1 Rde8 26. Rxd5 Bxd5 27.
Rxd5 Nf4 28. Bxf4 Qxf4 29. Qf2 f5 30. exf5 Re1+ {Diagramm #} 0-1

[Event "33. ABC-Turnier 2013 - Gruppe A"]
[Site "Dortmund"]
[Date "2013.09.19"]
[Round "1.2"]
[White "Grube, Jörg"]
[Black "Schütz, Ralf"]
[Result "1-0"]
[WhiteElo "1789"]
[BlackElo "1840"]
[PlyCount "99"]
[EventDate "2013.??.??"]
[Source "Pit Schulenburg"]
[SourceDate "2013.09.05"]

1. e4 c5 2. Nf3 Nc6 3. d4 cxd4 4. Nxd4 Nf6 5. Nc3 e5 6. Ndb5 d6 7. Bg5 a6 8.
Bxf6 gxf6 9. Na3 b5 10. Nd5 f5 11. c3 Be7 12. Bd3 Be6 13. Qh5 h6 14. Nxe7 Qxe7
15. exf5 Bd5 16. O-O Rg8 17. g3 Qg5 18. Qxg5 hxg5 19. Nc2 Bf3 20. a4 Rb8 21.
axb5 axb5 22. Rfe1 g4 23. Ra6 Kd7 24. Na3 b4 25. Nc4 bxc3 26. bxc3 Rb3 27. Ra3
Rxa3 28. Nxa3 Ne7 29. Bb5+ Kc7 30. Bc4 d5 31. Bf1 Ra8 32. Nb5+ Kb6 33. Rxe5 Nc6
34. Re3 Kc5 35. h3 Ra1 36. hxg4 Bxg4 37. Kg2 Rxf1 38. Kxf1 Kxb5 39. f6 Kc5 40.
f3 Bd7 41. g4 Kd6 42. Kf2 Ne5 43. Kg3 Ng6 44. f4 Bc8 45. f5 Ne5 46. Kf4 Nc6 47.
g5 d4 48. cxd4 Nb4 49. g6 fxg6 50. f7 {Diagramm #} 1-0

[Event "33. ABC-Turnier 2013 - Gruppe A"]
[Site "Dortmund"]
[Date "2013.09.19"]
[Round "1.2"]
[White "Wienkamp, Frank"]
[Black "Hartung, Thomas"]
[Result "1-0"]
[WhiteElo "1779"]
[BlackElo "1833"]
[PlyCount "99"]
[EventDate "2013.??.??"]
[Source "Pit Schulenburg"]
[SourceDate "2013.09.05"]

1. e4 e5 2. Nf3 Nc6 3. d4 exd4 4. Nxd4 Bc5 5. Be3 Bb6 6. Nc3 d6 7. Nd5 Nf6 8.
Nxb6 axb6 9. f3 O-O 10. c4 Nxe4 11. fxe4 Qh4+ 12. g3 Qxe4 13. Qf3 Re8 14. Qxe4
Rxe4 15. Nc2 Bf5 16. Kd2 Ne5 17. b3 Nf3+ 18. Ke2 Bg4 19. Kf2 Ne5 20. h3 Re8 21.
Bf4 Bf3 22. Rg1 Bh5 23. Bxe5 R4xe5 24. Bd3 Re2+ 25. Bxe2 Rxe2+ 26. Kf1 Rxc2 27.
Rg2 Rxg2 28. Kxg2 Kf8 29. Kf2 Bg6 {(=)} 30. Ke3 f6 31. a4 Bc2 32. b4 Bb3 33.
Kd4 Bc2 34. a5 bxa5 35. Rxa5 f5 36. Ra8+ Ke7 37. Rg8 Kf6 38. Rc8 c5+ 39. bxc5
dxc5+ 40. Rxc5 Be4 41. Rc7 h6 42. Rd7 Bc6 43. Rd6+ Kg5 44. Ke5 Be4 45. c5 g6
46. Ke6 h5 47. Ke5 h4 48. gxh4+ Kxh4 49. Rxg6 Kxh3 50. Rg5 {Diagramm #} 1-0

[Event "33. ABC-Turnier 2013 - Gruppe A"]
[Site "Dortmund"]
[Date "2013.10.04"]
[Round "1.3"]
[White "Begna, Bozidar"]
[Black "Grube, Jörg"]
[Result "1-0"]
[WhiteElo "1946"]
[BlackElo "1789"]
[PlyCount "103"]
[EventDate "2013.??.??"]
[Source "Pit Schulenburg"]
[SourceDate "2013.09.05"]

1. e4 e5 2. Nf3 Nc6 3. Bb5 Nf6 4. Qe2 Bc5 5. c3 Bb6 6. Bxc6 dxc6 7. Nxe5 Qe7 8.
d4 c5 9. Nc4 Qxe4 10. Qxe4+ Nxe4 11. Nxb6 axb6 12. O-O Bf5 13. Na3 cxd4 14. Nb5
O-O-O 15. Nxd4 Bg6 16. Bf4 Nd6 17. Rfe1 Rhe8 18. Rxe8 Nxe8 19. Re1 Nd6 20. f3
Re8 21. Rd1 Rd8 22. Rc1 c5 23. Nc2 Nc4 24. b4 Nb2 25. Ne1 Re8 26. Kf1 c4 27.
Ra1 b5 28. g4 Nd3 29. Nxd3 Bxd3+ 30. Kf2 Re2+ 31. Kg3 f6 32. a4 bxa4 33. Rxa4
Rc2 34. Ra3 Re2 35. h4 Bg6 36. Ra8+ Kd7 37. Rb8 Kc6 38. Rc8+ Kb5 39. Rc5+ Ka4
40. Rxc4 Kb3 41. Rc7 b5 42. Rxg7 Kxc3 43. Bd6 Kd4 44. Kf4 Kd5 45. Bc5 Re8 46.
Rd7+ Ke6 47. Rd6+ Kf7 48. h5 Bc2 49. Rd7+ Kg8 50. h6 Re1 51. Rg7+ Kh8 52. Rf7
1-0

[Event "33. ABC-Turnier 2013 - Gruppe A"]
[Site "Dortmund"]
[Date "2013.10.04"]
[Round "1.3"]
[White "Schütz, Ralf"]
[Black "Wienkamp, Frank"]
[Result "1-0"]
[WhiteElo "1840"]
[BlackElo "1779"]
[PlyCount "73"]
[EventDate "2013.??.??"]
[Source "Pit Schulenburg"]
[SourceDate "2013.09.05"]

1. e4 e6 2. d4 d5 3. Nc3 dxe4 4. Nxe4 Nd7 5. Nf3 Ngf6 6. Nxf6+ Nxf6 7. Bc4 a6
8. Qe2 b5 9. Bb3 Be7 10. Be3 Bb7 11. a4 c6 12. O-O Nd5 13. c4 bxc4 14. Qxc4 a5
15. Ne5 Qb6 16. Rfc1 Rc8 17. Bd1 f6 18. Nd3 Ba6 19. Qc2 Bxd3 20. Qxd3 O-O 21.
Qe4 Kf7 22. Qxh7 Ke8 23. Bf3 Kd7 24. Qc2 Qb8 25. Qd2 Rh8 26. g3 Bb4 27. Qd3 g5
28. Bxd5 exd5 29. Qf5+ Ke7 30. Rc2 Rh5 31. Re2 Kf7 32. f4 Rch8 33. fxg5 Be7 34.
Bf4 Qa7 35. Rd1 Kg7 36. g4 Rh3 37. Rxe7+ 1-0

[Event "33. ABC-Turnier 2013 - Gruppe A"]
[Site "Dortmund"]
[Date "2013.10.17"]
[Round "1.4"]
[White "Grube, Jörg"]
[Black "Wienkamp, Frank"]
[Result "0-1"]
[WhiteElo "1789"]
[BlackElo "1779"]
[PlyCount "41"]
[EventDate "2013.??.??"]
[Source "Pit Schulenburg"]
[SourceDate "2013.09.05"]

1. e4 e6 2. d4 d5 3. Nd2 Nf6 4. e5 Nfd7 5. f4 c5 6. Ngf3 cxd4 7. Nxd4 Nxe5 8.
Nxe6 Bxe6 9. fxe5 Bc5 10. Nf3 Qb6 11. Bd3 Bf2+ 12. Ke2 Nc6 13. c3 Bg4 14. Qa4
Bxf3+ 15. gxf3 Bg1 16. Rxg1 Qxg1 17. Qf4 O-O 18. Be3 Qxa1 19. Qf5 g6 20. Qf6
Qh1 21. h4 {und Weiss gab gleichzeitig auf.} 0-1

[Event "33. ABC-Turnier 2013 - Gruppe A"]
[Site "Dortmund"]
[Date "2013.10.17"]
[Round "1.4"]
[White "Begna, Bozidar"]
[Black "Hartung, Thomas"]
[Result "1-0"]
[WhiteElo "1946"]
[BlackElo "1833"]
[PlyCount "73"]
[EventDate "2013.??.??"]
[Source "Pit Schulenburg"]
[SourceDate "2013.09.05"]

1. e4 e5 2. Nf3 Nc6 3. Bb5 a6 4. Bxc6 dxc6 5. d4 exd4 6. Qxd4 Qxd4 7. Nxd4 c5
8. Ne2 b6 9. Bf4 Bb7 10. f3 O-O-O 11. Nd2 f6 12. O-O-O g5 13. Bg3 Bg7 14. Nc4
Ne7 15. Ne3 h5 16. Rxd8+ Rxd8 17. h4 g4 18. Rd1 gxf3 19. Rxd8+ Kxd8 20. gxf3 f5
21. Nf4 Bh6 22. exf5 Bxf3 23. Ne6+ Kd7 24. Ng5 Nd5 25. Kd2 Be4 26. Nxd5 Bxd5
27. a3 c4 28. Ke3 c5 29. c3 Bg7 30. Ne4 Bxe4 31. Kxe4 Bf6 32. Kd5 Be7 33. Be1
Bf6 34. Bg3 Bd8 35. Bf2 Bf6 36. Be1 a5 37. a4 1-0

[Event "33. ABC-Turnier 2013 - Gruppe A"]
[Site "Dortmund"]
[Date "2013.10.24"]
[Round "1.5"]
[White "Hartung, Thomas"]
[Black "Grube, Jörg"]
[Result "1-0"]
[WhiteElo "1833"]
[BlackElo "1789"]
[PlyCount "75"]
[EventDate "2013.??.??"]
[Source "Pit Schulenburg"]
[SourceDate "2013.09.05"]

1. e4 c5 2. Nf3 d6 3. d4 cxd4 4. Nxd4 Nf6 5. Nc3 g6 6. Be3 Bg7 7. f3 O-O 8. Bc4
Nc6 9. Bb3 Bd7 10. Qd2 Rc8 11. O-O-O Ne5 12. h4 h5 13. Bg5 Nc4 14. Qe2 Ne5 15.
g4 hxg4 16. f4 Nf3 17. f5 Nxd4 18. Rxd4 Rxc3 19. bxc3 gxf5 20. exf5 Bxf5 21. h5
Kh7 22. Rf4 Qa5 23. h6 Bh8 24. Qxe7 Nd7 25. Rhf1 Bg6 26. Rxf7+ Bxf7 27. Rxf7+
Kg6 28. Rxf8 Nxf8 29. Bd2 Qf5 30. Qe8+ Kh7 31. Bc4 Qf6 32. Qe4+ Ng6 33. Qxb7+
Qe7 34. Qd5 Qf8 35. Qb7+ Qe7 36. Qc8 Qf8 37. Qxg4 Be5 38. Bd3 1-0

[Event "33. ABC-Turnier 2013 - Gruppe A"]
[Site "Dortmund"]
[Date "2013.10.24"]
[Round "1.5"]
[White "Schütz, Ralf"]
[Black "Begna, Bozidar"]
[Result "1-0"]
[WhiteElo "1840"]
[BlackElo "1946"]
[PlyCount "109"]
[EventDate "2013.??.??"]
[Source "Pit Schulenburg"]
[SourceDate "2013.09.05"]

1. e4 Nf6 2. e5 Nd5 3. d4 d6 4. c4 Nb6 5. f4 dxe5 6. fxe5 Nc6 7. Be3 Bf5 8. Nc3
e6 9. Nf3 Bg4 10. Be2 Bxf3 11. gxf3 Qh4+ 12. Bf2 Qf4 13. c5 Nd5 14. Nxd5 exd5
15. Qd2 Qxd2+ 16. Kxd2 Be7 17. Bb5 O-O 18. Bxc6 bxc6 19. Kc2 f5 20. Rad1 Kf7
21. Rd3 Ke6 22. h4 g6 23. Ra3 a6 24. f4 Rg8 25. Rhh3 h6 26. Be1 Kf7 27. Ba5 Ra7
28. Bd2 Rb8 29. Rab3 Rxb3 30. Kxb3 Rb7+ 31. Ka3 Rb8 32. Bc1 Rg8 33. Ka4 Rb8 34.
a3 Rb5 35. h5 gxh5 36. Rxh5 Kg6 37. Rh1 h5 38. b4 Rb8 39. Bd2 h4 40. Be1 Kf7
41. Ka5 Ra8 42. Rh2 Ke6 {(=)} 43. Bxh4 Rh8 44. Bg3 Rxh2 45. Bxh2 Kd7 46. Kxa6
Kc8 47. Bg3 Kb8 48. a4 Ka8 49. b5 cxb5 50. Kxb5 Kb7 51. c6+ Kc8 52. Be1 Ba3 53.
e6 Kd8 54. a5 Bd6 55. a6 1-0

[Event "33. ABC-Turnier 2013 - Gruppe A"]
[Site "Dortmund"]
[Date "2013.11.07"]
[Round "2.1"]
[White "Wienkamp, Frank"]
[Black "Begna, Bozidar"]
[Result "1/2-1/2"]
[WhiteElo "1779"]
[BlackElo "1946"]
[PlyCount "103"]
[EventDate "2013.??.??"]
[Source "Pit Schulenburg"]
[SourceDate "2013.09.05"]

1. e4 d6 2. d4 e5 3. Nf3 Nd7 4. Bc4 Be7 5. O-O Ngf6 6. Nc3 O-O 7. h3 c6 8. a4
Qc7 9. Re1 b6 10. d5 c5 11. Nb5 Qd8 12. a5 a6 13. axb6 axb5 14. Rxa8 Nxb6 15.
Rxc8 Nxc8 16. Bxb5 Qb6 17. Qd3 Rd8 18. b3 Bf8 19. Bg5 Ne7 20. Ra1 Nxe4 21. Ra6
Qb8 22. Bc6 Nxg5 23. Nxg5 Ng6 24. Qf5 Qc7 25. Bb5 h6 26. Nf3 Nf4 27. Bc6 Qe7
28. Kf1 g6 29. Qg4 Bg7 30. Ne1 f5 31. Qf3 Kh7 32. c3 Rb8 33. Qd1 e4 34. Qd2 Qe5
35. b4 cxb4 36. cxb4 Nd3 37. b5 Nc5 38. Ra7 f4 39. Nc2 Nb3 40. Qe2 Qc3 41. Kg1
Nd2 42. Ne1 e3 43. Nd3 exf2+ 44. Nxf2 Qc1+ 45. Qd1 Qc3 46. Kh1 f3 47. Qe1 fxg2+
48. Kxg2 Qf3+ 49. Kg1 Qg3+ 50. Kh1 Nf3 (50... Rf8 $1) 51. Rxg7+ Kxg7 52. Qe7+
1/2-1/2

[Event "33. ABC-Turnier 2013 - Gruppe A"]
[Site "Dortmund"]
[Date "2013.11.21"]
[Round "2.2"]
[White "Schütz, Ralf"]
[Black "Grube, Jörg"]
[Result "0-1"]
[WhiteElo "1840"]
[BlackElo "1789"]
[PlyCount "40"]
[EventDate "2013.??.??"]
[Source "Pit Schulenburg"]
[SourceDate "2013.09.05"]

1. e4 c5 2. Nf3 Nc6 3. d4 cxd4 4. Nxd4 Nf6 5. Nc3 e5 6. Ndb5 d6 7. Bg5 a6 8.
Na3 b5 9. Bxf6 gxf6 10. Nd5 f5 11. Bd3 Be6 12. O-O Bg7 13. Qh5 h6 14. Ne3 fxe4
15. Bxe4 d5 16. Rad1 Nd4 17. Nxd5 Bxd5 18. Rxd4 exd4 19. Bxd5 Ra7 20. Bc6+ Kf8
0-1

[Event "33. ABC-Turnier 2013 - Gruppe A"]
[Site "Dortmund"]
[Date "2013.11.21"]
[Round "2.2"]
[White "Hartung, Thomas"]
[Black "Wienkamp, Frank"]
[Result "1-0"]
[WhiteElo "1833"]
[BlackElo "1779"]
[PlyCount "51"]
[EventDate "2013.??.??"]
[Source "Pit Schulenburg"]
[SourceDate "2013.09.05"]

1. e4 e6 2. d4 d5 3. Nc3 dxe4 4. Nxe4 Be7 5. Nf3 Nd7 6. Bd3 Ngf6 7. O-O Nxe4 8.
Bxe4 Nf6 9. Bd3 b6 10. Ne5 O-O 11. Nc6 Qe8 12. Qf3 Bd7 13. Nxe7+ Qxe7 14. Bg5
Rfd8 15. Rad1 Be8 16. Rfe1 c6 17. Re5 Rac8 18. c4 h6 19. Bh4 Kf8 20. Rh5 g5 21.
Rxh6 Ng8 22. Rh8 f5 23. Bxf5 exf5 24. Qxf5+ Qf7 25. Qxg5 Rd6 26. Rxg8+ 1-0

[Event "33. ABC-Turnier 2013 - Gruppe A"]
[Site "Dortmund"]
[Date "2013.11.28"]
[Round "2.3"]
[White "Grube, Jörg"]
[Black "Begna, Bozidar"]
[Result "1/2-1/2"]
[WhiteElo "1789"]
[BlackElo "1946"]
[PlyCount "22"]
[EventDate "2013.??.??"]
[Source "Pit Schulenburg"]
[SourceDate "2013.09.05"]

1. e4 d6 2. d4 Nf6 3. Nc3 e5 4. Nf3 Nbd7 5. Bc4 Be7 6. Ng5 O-O 7. Bxf7+ Rxf7 8.
Ne6 Qe8 9. Nxc7 Qd8 10. Nxa8 b6 11. Nb5 a6 {(=)} 1/2-1/2

[Event "33. ABC-Turnier 2013 - Gruppe A"]
[Site "Dortmund"]
[Date "2013.11.28"]
[Round "2.3"]
[White "Wienkamp, Frank"]
[Black "Schütz, Ralf"]
[Result "0-1"]
[WhiteElo "1779"]
[BlackElo "1840"]
[PlyCount "52"]
[EventDate "2013.??.??"]
[Source "Pit Schulenburg"]
[SourceDate "2013.09.05"]

1. e4 c5 2. Nf3 g6 3. d4 cxd4 4. Qxd4 Nf6 5. e5 Nc6 6. Qf4 Nd5 7. Qe4 Nb6 8.
Bb5 Bg7 9. a4 d5 10. Qf4 a6 11. Bxc6+ bxc6 12. O-O O-O 13. a5 Nd7 14. Qd4 f6
15. Bf4 fxe5 16. Bxe5 Nxe5 17. Nxe5 Qd6 18. f4 Rb8 19. Nd2 g5 20. g3 gxf4 21.
gxf4 Bf5 22. Ra3 Rb4 23. c4 dxc4 24. Qxd6 exd6 25. Nxc6 Rb7 26. Nxc4 Rc7 0-1

[Event "33. ABC-Turnier 2013 - Gruppe A"]
[Site "Dortmund"]
[Date "2013.12.05"]
[Round "2.4"]
[White "Wienkamp, Frank"]
[Black "Grube, Jörg"]
[Result "0-1"]
[WhiteElo "1779"]
[BlackElo "1789"]
[PlyCount "47"]
[EventDate "2013.??.??"]
[Source "Pit Schulenburg"]
[SourceDate "2013.09.05"]

1. e4 c5 2. Nf3 e6 3. d4 cxd4 4. Nxd4 Nf6 5. Nc3 d6 6. Be3 Nc6 7. f3 d5 8. Bb5
Bd7 9. exd5 exd5 10. Qd2 Bb4 11. O-O O-O 12. a3 Bxc3 13. bxc3 Nxd4 14. Bxd7
Nxf3+ 15. Rxf3 Qxd7 16. Bd4 Ne4 17. Qf4 f6 18. Rb1 b5 19. Rh3 a6 20. Rd1 Rae8
21. Rh5 Qe6 22. Qh4 Nxc3 23. Bxc3 Qe3+ 24. Kf1 0-1

[Event "33. ABC-Turnier 2013 - Gruppe A"]
[Site "Dortmund"]
[Date "2013.12.12"]
[Round "2.4"]
[White "Hartung, Thomas"]
[Black "Begna, Bozidar"]
[Result "1/2-1/2"]
[WhiteElo "1833"]
[BlackElo "1946"]
[PlyCount "113"]
[EventDate "2013.??.??"]
[Source "Pit Schulenburg"]
[SourceDate "2013.09.05"]

1. e4 d6 2. d4 Nf6 3. Nc3 e5 4. dxe5 dxe5 5. Qxd8+ Kxd8 6. Bg5 Be6 7. O-O-O+
Nbd7 8. Nf3 Kc8 9. Bb5 c6 10. Ba4 b5 11. Bb3 b4 12. Bxe6 fxe6 13. Na4 Nxe4 14.
Bh4 Nec5 15. Nxc5 Bxc5 16. Rhe1 Rf8 17. Nxe5 Nxe5 18. Rxe5 Bxf2 19. Be7 Re8 20.
Bxb4 Rb8 21. Bc3 Rb5 22. Re2 Bb6 23. Bxg7 Rd5 24. Rxd5 cxd5 25. g3 Kd7 26. Kd2
Rg8 27. Be5 Bc5 28. h3 h5 29. Rg2 Rg5 30. Bf4 Rf5 {(=)} 31. Re2 Bd4 32. c3 Bf6
33. Be3 Bg5 34. g4 hxg4 35. hxg4 Re5 36. b4 Kd6 37. Kd3 Bxe3 38. Rxe3 Rg5 39.
Rg3 e5 40. c4 dxc4+ 41. Kxc4 Kc6 42. a4 a6 43. Rg2 Kd6 44. Kd3 Kd5 45. Rg1 e4+
46. Ke3 Ke5 47. Rg2 Rg8 48. g5 Rg6 49. Rg1 Kf5 50. Kd4 Rb6 51. Kc5 Rg6 52. b5
axb5 53. axb5 e3 54. Kd4 e2 55. Kd3 Re6 56. Kd2 Kg6 57. b6 {(=)} 1/2-1/2

[Event "33. ABC-Turnier 2013 - Gruppe A"]
[Site "Dortmund"]
[Date "2013.12.19"]
[Round "2.5"]
[White "Grube, Jörg"]
[Black "Hartung, Thomas"]
[Result "1/2-1/2"]
[WhiteElo "1789"]
[BlackElo "1833"]
[PlyCount "57"]
[EventDate "2013.??.??"]
[Source "Pit Schulenburg"]
[SourceDate "2013.09.05"]

1. e4 c5 2. Nf3 Nc6 3. d4 cxd4 4. Nxd4 Nf6 5. Nc3 e5 6. Ndb5 d6 7. Bg5 a6 8.
Na3 b5 9. Bxf6 gxf6 10. Nd5 Be6 11. c3 Bg7 12. Nc2 f5 13. exf5 Bxf5 14. Nce3
Be6 15. Bd3 O-O 16. Qh5 f5 17. Bxf5 Rxf5 18. Nxf5 Bxd5 19. Rd1 Be4 20. Rxd6 Qf8
21. Nh6+ Bxh6 22. Qxh6 Qxh6 23. Rxh6 Rd8 24. O-O Rd2 25. f3 Bg6 26. Rf2 Rd1+
27. Rf1 Rd2 28. Rf2 Rd1+ 29. Rf1 1/2-1/2

[Event "33. ABC-Turnier 2013 - Gruppe A"]
[Site "Dortmund"]
[Date "2013.11.17"]
[Round "2.5"]
[White "Begna, Bozidar"]
[Black "Schütz, Ralf"]
[Result "1-0"]
[WhiteElo "1946"]
[BlackElo "1840"]
[PlyCount "78"]
[EventDate "2013.??.??"]
[Source "Pit Schulenburg"]
[SourceDate "2013.09.05"]

1. e4 e6 2. d4 d5 3. Nd2 Be7 4. Bd3 c5 5. c3 Nc6 6. Ne2 dxe4 7. Nxe4 cxd4 8.
cxd4 Nf6 9. O-O O-O 10. Be3 Nb4 11. Bb1 Nxe4 12. Bxe4 f5 13. Bf3 a5 14. a3 Nd5
15. Nf4 Nxe3 16. fxe3 Ra6 17. Rc1 Rd6 18. Qc2 g5 19. Nd3 g4 20. Be2 Bg5 21. Nf4
Bxf4 22. Rxf4 Rc6 23. Qd1 Qb6 24. Rxc6 bxc6 25. Qd2 Bd7 26. Bc4 Kg7 27. b3 Rd8
28. Qc3 Kg6 29. Kf2 Bc8 30. h3 h5 31. hxg4 hxg4 32. Bd3 Kg5 33. d5 Qc7 34. Rc4
Rxd5 35. Rxc6 Qh7 36. Rxc8 e5 37. Rf8 g3+ 38. Ke2 Qh5+ 39. Kd2 e4 1-0

[Event "33. ABC-Turnier 2013 - Gruppe B"]
[Site "Dortmund"]
[Date "2013.10.17"]
[Round "1.1"]
[White "Sonntag, Joachim"]
[Black "Khess, Roman"]
[Result "1/2-1/2"]
[WhiteElo "1782"]
[BlackElo "1664"]
[PlyCount "74"]
[EventDate "2013.??.??"]
[Source "Pit Schulenburg"]
[SourceDate "2013.09.05"]

{Diagramm #} 1. e4 e5 2. Nf3 Nc6 3. Bb5 a6 4. Ba4 Nf6 5. Nc3 b5 6. Bb3 Be7 7.
O-O O-O 8. Re1 d6 9. h3 h6 10. d4 exd4 11. Nxd4 Nxd4 12. Qxd4 c5 13. Qd1 c4 14.
a4 cxb3 15. axb5 bxc2 16. Qd3 Nd7 17. b4 a5 18. Nd5 Bf6 19. Nxf6+ Nxf6 20. Bd2
a4 21. Rec1 d5 22. e5 Ne4 23. Be3 Re8 24. Qxc2 Rxe5 25. b6 Re7 26. Bc5 Rd7 27.
Qd3 Nd6 28. Re1 Nc4 29. Re2 Ba6 30. Qd4 a3 31. Rae1 Qf6 32. Qg4 Rdd8 33. Bd4
Qg6 34. Qxg6 fxg6 35. Re7 Nd6 36. Rxg7+ Kf8 37. Ree7 Nf5 1/2-1/2

[Event "33. ABC-Turnier 2013 - Gruppe B"]
[Site "Dortmund"]
[Date "2013.09.05"]
[Round "1.1"]
[White "Rzoczek, Christoph"]
[Black "Sinnen, Robin"]
[Result "1-0"]
[WhiteElo "1579"]
[BlackElo "1622"]
[PlyCount "69"]
[EventDate "2013.??.??"]
[Source "Pit Schulenburg"]
[SourceDate "2013.09.05"]

1. d4 e6 2. Nf3 f5 3. g4 fxg4 4. Ne5 Qh4 5. Bf4 Nf6 6. Qd3 d6 7. Nc4 Nh5 8. Bg3
Nxg3 9. fxg3 Qg5 10. Bg2 Be7 11. O-O Bf6 12. Nc3 d5 13. Na3 c6 14. e4 O-O 15.
e5 Be7 16. Ne2 b5 17. c3 a6 18. Nc2 c5 19. Nf4 Ra7 20. a4 Bd7 21. Rf2 c4 22.
Qe2 bxa4 23. Raf1 h5 24. Ne3 Qh6 25. Nexd5 Bd8 26. Nb4 g5 27. Nxh5 Rxf2 28.
Qxf2 Be8 29. Nf6+ Bxf6 30. exf6 a5 31. d5 Qh7 32. dxe6 axb4 33. f7+ Rxf7 34.
exf7+ Qxf7 35. Bd5 {Diagramm #} (35. Bd5 Qxd5 36. Qf8+ Kh7 37. Qxe8 $18) 1-0

[Event "33. ABC-Turnier 2013 - Gruppe B"]
[Site "Dortmund"]
[Date "2013.09.19"]
[Round "1.2"]
[White "Khess, Roman"]
[Black "Sinnen, Robin"]
[Result "1/2-1/2"]
[WhiteElo "1664"]
[BlackElo "1622"]
[PlyCount "61"]
[EventDate "2013.??.??"]
[Source "Pit Schulenburg"]
[SourceDate "2013.09.05"]

1. c4 e6 2. g3 f5 3. Bg2 Nf6 4. Nf3 c6 5. O-O d5 6. cxd5 exd5 7. e3 Bd6 8. Nc3
O-O 9. a3 Be6 10. b4 Nbd7 11. Bb2 Ne4 12. d3 Nxc3 13. Bxc3 Qe7 14. Qc2 Bf7 15.
Qb2 Bh5 16. Nd4 Ne5 17. Qd2 Rae8 {(=)} 18. Bb2 a6 19. Rfe1 h6 20. f4 Ng4 21. e4
fxe4 22. dxe4 dxe4 23. Rxe4 Qd7 24. Rae1 Nf6 25. Rxe8 Rxe8 26. Rxe8+ Nxe8 27.
Qd3 Bg4 28. Be4 Nf6 {(=)} 29. Bf5 Bxf5 30. Nxf5 Bc5+ 31. Bd4 {Diagramm # (=)}
1/2-1/2

[Event "33. ABC-Turnier 2013 - Gruppe B"]
[Site "Dortmund"]
[Date "2013.09.19"]
[Round "1.2"]
[White "Sonntag, Joachim"]
[Black "Schultz, Bernfried"]
[Result "0-1"]
[WhiteElo "1782"]
[BlackElo "1746"]
[PlyCount "116"]
[EventDate "2013.??.??"]
[Source "Pit Schulenburg"]
[SourceDate "2013.09.05"]

1. Nf3 Nf6 2. c4 e6 3. Nc3 d5 4. d4 Bb4 5. Qb3 Nc6 6. Bg5 dxc4 7. Qxc4 Qd5 8.
Qxd5 Nxd5 9. Rc1 f6 10. Bd2 O-O 11. e4 Nxc3 12. bxc3 Ba5 13. Bc4 Kh8 14. O-O a6
15. d5 exd5 16. Bxd5 Ne7 17. c4 Bxd2 18. Nxd2 c6 19. Rfe1 cxd5 20. exd5 Ng6 21.
c5 Ne5 22. Re3 Bf5 23. Rb3 Rab8 24. f3 Rfd8 25. d6 Be6 26. Ra3 Bd5 27. f4 Nd7
28. Nb3 Re8 29. Kf2 g6 30. Ra4 Kg7 31. Rd4 Bc6 32. Rd3 Re4 33. g3 Rbe8 34. Nd4
f5 35. Rd2 Rc8 36. Nb3 Ba4 37. Rd3 Kf7 38. Nd2 Bb5 39. Nxe4 Bxd3 40. Ng5+ Kg8
41. Ke3 Bb5 42. Kd4 b6 43. Ne6 bxc5+ 44. Nxc5 Rxc5 45. Rxc5 Nxc5 46. Kxc5 Kf7
47. Kd5 Kf6 48. a3 h6 49. h4 Bd7 50. Kc5 Ke6 51. Kb6 Kxd6 52. Kxa6 Kd5 53. Kb6
Ke4 54. Kc7 Ba4 55. Kd6 Kf3 56. Ke5 Kxg3 57. h5 gxh5 58. Kxf5 h4 {Diagramm #}
0-1

[Event "33. ABC-Turnier 2013 - Gruppe B"]
[Site "Dortmund"]
[Date "2013.10.04"]
[Round "1.3"]
[White "Schultz, Bernfried"]
[Black "Khess, Roman"]
[Result "1-0"]
[WhiteElo "1746"]
[BlackElo "1664"]
[PlyCount "23"]
[EventDate "2013.??.??"]
[Source "Pit Schulenburg"]
[SourceDate "2013.09.05"]

1. e4 e5 2. Nf3 Nc6 3. d4 exd4 4. Nxd4 Bc5 5. Be3 Qf6 6. c3 Nge7 7. Bc4 O-O 8.
O-O Ne5 9. Be2 Qg6 10. Nf5 Qc6 11. Bxc5 Qxc5 12. b4 1-0

[Event "33. ABC-Turnier 2013 - Gruppe B"]
[Site "Dortmund"]
[Date "2013.10.04"]
[Round "1.3"]
[White "Rzoczek, Christoph"]
[Black "Sonntag, Joachim"]
[Result "1/2-1/2"]
[WhiteElo "1579"]
[BlackElo "1782"]
[PlyCount "111"]
[EventDate "2013.??.??"]
[Source "Pit Schulenburg"]
[SourceDate "2013.09.05"]

1. d4 Nf6 2. Nf3 e6 3. Nbd2 d5 4. e3 c5 5. c3 Bd6 6. Bd3 O-O 7. O-O Re8 8. Qc2
Nbd7 9. e4 dxe4 10. Nxe4 Nxe4 11. Bxe4 h6 12. Be3 c4 13. Qe2 Qc7 14. Rad1 f5
15. Bc2 Nf6 16. h3 b5 17. a4 a6 18. axb5 axb5 19. Ra1 Bb7 20. Rxa8 Bxa8 21. Ra1
Qb7 22. Qf1 Qd5 23. Qc1 Nh5 24. Ra7 Bb8 25. Ra5 Bc7 26. Ra7 Bb8 27. Ra5 Bc6 28.
Bd1 Rd8 29. Nh4 Nf6 30. Bf3 Ne4 31. Ng6 Re8 32. Ra6 Bb7 33. Ra5 Kh7 34. Nf4 Qd7
35. Bh5 Rg8 36. Bg6+ Kh8 37. Nh5 Nf6 38. Nf4 Qc6 39. Qf1 Bc7 40. Ra7 Rb8 41.
Bf7 Bxf4 42. Bxf4 Rf8 43. Bg6 Rd8 44. f3 Qb6 45. Ra1 Nd5 46. Bg3 Ne7 47. Bh5 g6
48. Bh4 g5 49. Bf2 Qd6 50. Qe1 Nd5 51. Qe5+ Qxe5 52. dxe5 Nf4 53. Ra7 Bc6 54.
Rc7 Bd7 55. Bc5 Nd5 56. Ra7 1/2-1/2

[Event "33. ABC-Turnier 2013 - Gruppe B"]
[Site "Dortmund"]
[Date "2013.10.17"]
[Round "1.4"]
[White "Schultz, Bernfried"]
[Black "Rzoczek, Christoph"]
[Result "1/2-1/2"]
[WhiteElo "1746"]
[BlackElo "1579"]
[PlyCount "47"]
[EventDate "2013.??.??"]
[Source "Pit Schulenburg"]
[SourceDate "2013.09.05"]

1. e4 d5 2. exd5 Qxd5 3. Nf3 Nf6 4. d4 c6 5. Be2 Bg4 6. c4 Qa5+ 7. Bd2 Qc7 8.
Nc3 e6 9. a3 Nbd7 10. O-O Be7 11. h3 Bxf3 12. Bxf3 O-O 13. Re1 Rad8 14. d5 Nb6
15. Qe2 cxd5 16. cxd5 Nfxd5 17. Rac1 Qb8 18. Nb5 Bf6 19. Rc2 Rc8 20. Rec1 Rxc2
21. Rxc2 Rc8 22. Qd3 Rxc2 23. Qxc2 Qc8 24. Qc1 {(=)} 1/2-1/2